| 000 | 00754nam a2200181 i 4500 | ||
|---|---|---|---|
| 001 | 183867 | ||
| 003 | ES-MaACL | ||
| 005 | 20250902084425.0 | ||
| 008 | 141031s1896 sp |||| | spa d | ||
| 080 | _a368.11(460.27 M.)(060.55) | ||
| 110 | 2 |
_aNueva Sociedad de Seguros Mutuos contra Incendios de Casas en Madrid _9155820 |
|
| 245 | 1 | 0 | _aMemoria que la dirección de la Nueva Sociedad de Seguros Mutuos contra Incendios de Casas en Madrid presenta á la Junta General en 26 de enero de 1896. |
| 260 |
_aMadrid : _b[s.n.], _c1896 ( _fTip. de E. Catalá) |
||
| 300 |
_a46 p. ; _c23 cm. |
||
| 610 | 2 | 4 |
_aNueva Sociedad de Seguros Mutuos contra Incendios de Casas en Madrid- _vMemorias. _9155821 |
| 852 |
_aES-MaACL _jT-805-F-6 |
||
| 999 |
_c183867 _d183867 |
||